Microsoft Office Excel 2007 : (Record no. 899)
[ view plain ]
| 000 -LEADER | |
|---|---|
| fixed length control field | 00475nam a22001577a 4500 |
| 005 - DATE AND TIME OF LATEST TRANSACTION | |
| control field | 20150526052516.0 |
| 008 - FIXED-LENGTH DATA ELEMENTS--GENERAL INFORMATION | |
| fixed length control field | 150526b xxu||||| |||| 00| 0 eng d |
| 080 ## - UNIVERSAL DECIMAL CLASSIFICATION NUMBER | |
| Universal Decimal Classification number | 343.983 |
| Item number | S737 2008 |
| 082 ## - DEWEY DECIMAL CLASSIFICATION NUMBER | |
| Edition number | 22 |
| Classification number | 343.983 |
| 100 ## - Rafti | |
| Rafti | Stewart, Kathleen |
| 100 ## - Rafti | |
| -- | 1951- |
| 245 ## - TITLE STATEMENT | |
| Title | Microsoft Office Excel 2007 : |
| Statement of responsibility, etc | Kathleen Stewart. |
| 260 ## - | |
| -- | Boston : |
| -- | McGraw-Hill, |
| -- | c2008. |
| 300 ## - | |
| -- | 763 f. |
| -- | me il.; |
| -- | 28 cm. |
| 650 #0 - | |
| -- | Computer programs. |
| 942 ## - ADDED ENTRY ELEMENTS (KOHA) | |
| Source of classification or shelving scheme | |
| Item type | Books |
No items available.